Content Marketing 4.0 : Nội dung hay, bán bay kho hàng

cuốn sách này giúp bạn giải quyết những vấn đề sau: Hiểu rất sâu về marketing và các quy trình làm nội dung trong marketing hiện đại trên internet ngày nay, Hiểu rất rộng về content marketing và các công cụ content marketing cơ bản,.......

Полное описание

Сохранить в:
Библиографические подробности
Главный автор: Nguyễn Phan Anh
Формат:
Язык:Vietnamese
Опубликовано: H. Hồng Đức 2021
Предметы:
Метки: Добавить метку
Нет меток, Требуется 1-ая метка записи!
Thư viện lưu trữ: Thư viện Trường Đại học Nam Cần Thơ
LEADER 01070nam a22001937a 4500
001 NCT_137304
008 201211b xxu||||| |||| 00| 0 vie d
999 |c 7085  |d 7085 
020 |a 9786043381412  |c 182000 
082 0 4 |2 23rd ed.  |a 658.8  |b A107 
100 1 |a Nguyễn Phan Anh 
245 1 0 |a Content Marketing 4.0 :  |b Nội dung hay, bán bay kho hàng  |c Nguyễn Phan Anh 
260 |a H.  |b Hồng Đức  |c 2021 
300 |a 331 tr.  |b Minh họa  |c 24cm 
520 |a cuốn sách này giúp bạn giải quyết những vấn đề sau: Hiểu rất sâu về marketing và các quy trình làm nội dung trong marketing hiện đại trên internet ngày nay, Hiểu rất rộng về content marketing và các công cụ content marketing cơ bản,.... 
653 |a Quản trị kinh doanh 
942 |2 ddc  |c BK 
952 |0 0  |1 0  |2 ddc  |4 0  |6 658_800000000000000_A107  |7 0  |9 25204  |a 000001  |b 000001  |d 2022-06-17  |o 658.8 A107  |p MD.19848  |r 2022-06-17  |v 182000.00  |w 2022-06-17  |y BK 
980 |a Thư viện Trường Đại học Nam Cần Thơ